000 01103nam a2200361 a 4500
001 000114851
003 CHAP
005 20251127090246.0
008 180622s2016 mx a rl l000 0 spa d
010 _a111312
011 _a112284
020 _a9786078445622
040 _cCHAP
082 0 4 _a633.7380972
_bE74 2016
100 0 0 _aEscamilla Prado, Esteban.
_937449
245 1 0 _aSistemas de cultivo de café en México /
_cpor Esteban Escamilla Prado y Salvador Díaz Cardenas.
250 _a2 ed.
260 _aMéxico :
_bCódice,
_c2016.
300 _a62 p. :
_bil., cuadros.
590 _aE11695DGD
_b10
_c20180625
_lUCH01
_h0922
590 _aE11695DGD
_b10
_c20180625
_lUCH01
_h0923
590 _aE8697GMM
_b05
_c20180622
_lUCH01
_h0947
590 _aE8697GMM
_b05
_c20180622
_lUCH01
_h1004
590 _aE8697GMM
_b05
_c20180622
_lUCH01
_h1006
650 1 4 _aCafé
_xCalidad.
_917114
650 1 4 _aCafé
_xMéxico.
_917176
650 1 4 _aCafé
_xRendimiento.
_917196
700 1 _aDíaz Cárdenas, Salvador
_933418
710 0 _aCENICAFE
_920959
901 _aBK
942 _cLIBRO
942 _n0
999 _c111312
_d111312